Medical law in Ghana: a primer. / (Record no. 7613)

MARC details
000 -LEADER
fixed length control field 01175nam a22002177a 4500
003 - CONTROL NUMBER IDENTIFIER
control field OSt
005 - DATE AND TIME OF LATEST TRANSACTION
control field 20240726122812.0
008 - FIXED-LENGTH DATA ELEMENTS--GENERAL INFORMATION
fixed length control field 150430b xxu||||| |||| 00| 0 eng d
020 ## - INTERNATIONAL STANDARD BOOK NUMBER
International Standard Book Number 9789988856700
040 ## - CATALOGING SOURCE
Transcribing agency LC
050 ## - LIBRARY OF CONGRESS CALL NUMBER
Classification number KRX1520.O97
100 ## - MAIN ENTRY--PERSONAL NAME
Fuller form of name Owusu-Dapaa, Ernest
9 (RLIN) 1944
245 ## - TITLE STATEMENT
Title Medical law in Ghana: a primer. /
Statement of responsibility, etc. Ernest Owusu-Dapaa
260 ## - PUBLICATION, DISTRIBUTION, ETC.
Place of publication, distribution, etc. Accra:
Name of publisher, distributor, etc. Icon
Date of publication, distribution, etc. 2018.
300 ## - PHYSICAL DESCRIPTION
Extent 125 p . :
490 ## - SERIES STATEMENT
Series statement The book is an integral part of Medical Law in the International Encyclopedia of Law series
500 ## - GENERAL NOTE
General note Includes index.
505 ## - FORMATTED CONTENTS NOTE
Formatted contents note Contents: General introduction: The general background of the country -- General description of the health care system -- Sources of medical law -- Part 1: Medical profession -- Access to the medical profession -- Practice of medicine -- Control over the practice of medicine -- Part 2: The physician-patient relationship - General description -- The physician-patient relationship in specific terms -- Part 3:The physician and health care system -- Relations with other health care providers -- Relations with health care provisions --
653 ## - INDEX TERM--UNCONTROLLED
Uncontrolled term Medical laws and legislation--Ghana.
942 ## - ADDED ENTRY ELEMENTS (KOHA)
Source of classification or shelving scheme Library of Congress Classification
Koha item type Books
Holdings
Withdrawn status Lost status Source of classification or shelving scheme Damaged status Not for loan Home library Current library Shelving location Date acquired Full call number Barcode Date last seen Copy number Price effective from Koha item type
    Library of Congress Classification     WISCONSIN INTERNATIONAL UNIVERSITY COLLEGE, GHANA KUMASI LIBRARY WISCONSIN INTERNATIONAL UNIVERSITY COLLEGE, GHANA KUMASI LIBRARY Law Library 27/08/2019 KRX1520.O97 KSL/148/19 27/05/2021 1 27/05/2021 Books
    Library of Congress Classification     WISCONSIN INTERNATIONAL UNIVERSITY COLLEGE, GHANA KUMASI LIBRARY WISCONSIN INTERNATIONAL UNIVERSITY COLLEGE, GHANA KUMASI LIBRARY Law Library 27/08/2019 KRX1520.O971 KSL/149/19 27/05/2021 2 27/05/2021 Books
    Library of Congress Classification     WISCONSIN INTERNATIONAL UNIVERSITY COLLEGE, GHANA KUMASI LIBRARY WISCONSIN INTERNATIONAL UNIVERSITY COLLEGE, GHANA KUMASI LIBRARY Law Library 27/08/2019 KRX1520.O972 KSL/150/19 27/05/2021 3 27/05/2021 Books

If you have any concerns or questions; kindly contact the library


© Powered by WIUC ICT DIRECTORATE